|
|
|
|
| LEADER |
01113nam a2200253 a 4500 |
| 001 |
26955 |
| 008 |
130514s1993 io b b f000 0 eng d |
| 010 |
|
|
|a 92946659
|
| 040 |
|
|
|a CU
|c DLC
|d IDeKN
|d DLC
|d BD-DhAAL
|
| 082 |
0 |
0 |
|a 333.95/16/09598
|2 20
|
| 245 |
0 |
0 |
|a Indonesian country study on biological diversity
|
| 260 |
|
|
|a Jakarta :
|b Ministry of State for Population and Environment,
|c 1993.
|
| 300 |
|
|
|a xii, 217 p. :
|b maps ;
|c 24 cm.
|
| 500 |
|
|
|a In English, with introd. in Indonesian.
|
| 500 |
|
|
|a Cover title.
|
| 500 |
|
|
|a "Prepared for the United Nations Environment Programme (UNEP)."
|
| 504 |
|
|
|a Includes bibliographical references.
|
| 650 |
|
0 |
|a Biodiversity conservation
|z Indonesia.
|
| 650 |
|
0 |
|a Natural history
|z Indonesia.
|
| 710 |
1 |
|
|a Indonesia.
|b Kantor Menteri Negara Kependudukan dan Lingkungan Hidup.
|
| 710 |
2 |
|
|a United Nations Environment Programme.
|
| 852 |
1 |
|
|a Ayesha Abed Library
|j General Shelf.
|
| 999 |
|
|
|c 13458
|d 13458
|
| 952 |
|
|
|0 0
|1 0
|2 ddc
|4 0
|6 333_951609598000000_IND
|7 0
|9 22380
|a BRACUL
|b BRACUL
|c GEN
|d 2013-05-19
|e VC of BRACU
|l 0
|o 333.951609598 IND
|p 3010026955
|r 2013-05-19
|t 1
|w 2013-05-19
|y BK
|